Microeconomics : Theory and applications /

Saved in:
Bibliographic Details
Main Authors: Maddala, G.S (Author), Miller, Ellen (Author)
Format: Book
Language:English
Published: New York : McGraw-Hill, 1989
Subjects:
Tags: Add Tag
No Tags, Be the first to tag this record!

MARC

LEADER 00000nam a22000003a 4500
001 stu2991
005 20150617225617.3
008 930127s1989----xxu-----------------eng-d
020 |a 0-07-039415-6 
040 |a STU  |b slo 
041 0 |a eng 
044 |a xxu 
080 |a 330.101.542 
100 1 |a Maddala, G.S  |4 aut 
245 1 |a Microeconomics :  |b Theory and applications /  |c [aut.] Maddala,G.S.; Miller,Ellen 
260 |a New York :  |b McGraw-Hill,  |c 1989 
300 |a 634 s 
650 7 |a Mikroekonomika  |2 stusub 
700 1 |a Miller, Ellen  |4 aut 
996 |b E77841  |c R*77841  |l RRUM  |s A  |a 24  |w stu2991_0001